000 01942cam a22004094i 4500
003 PE-LiUPU
005 20250731183406.0
008 171120s2010 sp b rb 000 0 spa d
020 _a9789875842687
035 _a(Sirsi) a240143
040 _aPE-LIUPU
_bspa
_cPE-LIUPU
_erda
082 0 4 _a747
_bP78
_221
100 1 _aPorro, Silvia,
_eautor.
245 1 3 _aEl espacio en el diseño de interiores :
_bnociones para el diseño y el manejo del espacio /
_cSilvia Porro y Inés Quiroga.
250 _aSegunda edición.
264 _aBuenos Aires :
_bnobuko,
_c2010.
300 _a134 páginas :
_bilustraciones ;
_c21 centímetros
336 _atext
_2rdacontent
337 _aunmediated
_2rdamedia
338 _avolume
_2rdacarrier
504 _aBibliografía : páginas 131.
505 0 _aQué es el diseñador de interiores -- El espacio y la metodología de diseño -- El espacio y el análisis del comitente -- El espacio y el lenguaje como parte del diseño -- El espacio y la percepción -- El espacio y sus límites -- El espacio y su clasificación -- Los espacios y su forma de relacionarse -- Los espacios, sus formas y dimensiones -- El espacio en relación con la escala humana -- El espacio y la luz -- El espacio y el color -- El espacio y su organización.
526 _aP158
526 _aP146
526 _aP17
526 _aP12
526 _aP06
526 8 _iPrograma académico :
_5PE-LiUPU
541 _g003-1760;
650 1 4 _aDecoración interior.
650 1 4 _aEspacio (Arquitectura).
700 1 _aQuiroga, Inés,
_eautora.
910 _adbm
_bksl
_cksl
_d20171120
596 _a1
942 _2ddc
_cBOOK
999 _a747 P78
_wLC
_c25805
_i77070
_d25805
_e2019-3-7
_f2021-11-10
_g4
_lCCODEBUL1
_mBUL
_n2
_p26.19
_r0
_sY
_tBOOK
_u2017-11-20
_xINGENIERIA
_PP06
_0COMPRA
_o.STAFF. Colección Ingeniería y Arquitectura
980 _81
_gALBERTO SANCHEZ Responsable de Automatización